| Tag |
First Indicator |
Second Indicator |
Subfields |
| LEADER |
00000cam a22000005i 4500 |
| 001 |
in00003729521 |
| 005 |
20210728125542.0 |
| 006 |
m o d |
| 007 |
cr nn 008mamaa |
| 008 |
151109s2010 xxk| o |||| 0|eng d |
| 020 |
|
|
|a 9780230282056
|9 978-0-230-28205-6
|
| 024 |
7 |
|
|a 10.1057/9780230282056
|2 doi
|
| 035 |
|
|
|a (DE-He213)978-0-230-28205-6
|
| 035 |
|
|
|a 5306200
|
| 040 |
|
|
|d UtOrBLW
|
| 072 |
|
7 |
|a JHBA
|2 bicssc
|
| 072 |
|
7 |
|a SOC026000
|2 bisacsh
|
| 082 |
0 |
4 |
|a 300.1
|2 23
|
| 090 |
|
|
|a HM500
|b .B754 2010
|
| 100 |
1 |
|
|a Brighenti, Andrea Mubi,
|e author.
|
| 245 |
1 |
0 |
|a Visibility in Social Theory and Social Research /
|c by Andrea Mubi Brighenti.
|
| 264 |
|
1 |
|a London :
|b Palgrave Macmillan UK :
|b Imprint: Palgrave Macmillan,
|c 2010.
|
| 300 |
|
|
|a 1 online resource (VI, 214 pages)
|
| 336 |
|
|
|a text
|b txt
|2 rdacontent
|
| 337 |
|
|
|a computer
|b c
|2 rdamedia
|
| 338 |
|
|
|a online resource
|b cr
|2 rdacarrier
|
| 347 |
|
|
|a text file
|b PDF
|2 rda
|
| 500 |
|
|
|a Electronic resource.
|
| 520 |
|
|
|a What is social visibility? How does it affect people and public issues? How are visibility regimes created, organized and contested? Tackling both social theory and social research, the book is an exploration into how intervisibilities produce crucial sociotechnical and biopolitical effects. .
|
| 650 |
1 |
4 |
|a Social Sciences.
|
| 650 |
2 |
4 |
|a Cultural Studies.
|
| 650 |
2 |
4 |
|a Engineering, general.
|
| 650 |
2 |
4 |
|a Media Studies.
|
| 650 |
2 |
4 |
|a Political Science.
|
| 650 |
2 |
4 |
|a Social Theory.
|
| 650 |
2 |
4 |
|a Sociology, general.
|
| 650 |
|
0 |
|a Communication.
|0 http://id.loc.gov/authorities/subjects/sh85029027
|
| 650 |
|
0 |
|a Culture
|x Study and teaching.
|0 http://id.loc.gov/authorities/subjects/sh93005685
|
| 650 |
|
0 |
|a Engineering.
|0 http://id.loc.gov/authorities/subjects/sh85043176
|
| 650 |
|
0 |
|a Political science.
|0 http://id.loc.gov/authorities/subjects/sh85104440
|
| 650 |
|
0 |
|a Popular culture
|x Study and teaching.
|0 http://id.loc.gov/authorities/subjects/sh93005683
|
| 650 |
|
0 |
|a Social sciences
|x Philosophy.
|0 http://id.loc.gov/authorities/subjects/sh85124013
|
| 650 |
|
0 |
|a Social sciences.
|0 http://id.loc.gov/authorities/subjects/sh85124003
|
| 650 |
|
0 |
|a Sociology.
|0 http://id.loc.gov/authorities/subjects/sh85124200
|
| 655 |
|
7 |
|a Electronic books.
|2 local
|
| 710 |
2 |
|
|a SpringerLink (Online service)
|0 http://id.loc.gov/authorities/names/no2005046756
|
| 773 |
0 |
|
|t Springer eBooks
|
| 776 |
1 |
8 |
|i Printed edition:
|z 9781349316755
|
| 856 |
4 |
0 |
|u http://proxy.library.tamu.edu/login?url=https://dx.doi.org/10.1057/9780230282056
|z Connect to the full text of this electronic book
|t 0
|
| 999 |
f |
f |
|s 02fadeb9-4434-324a-b1cf-1ae2e23757da
|i 50e075df-f8a8-3952-a89c-eccef0b618ae
|t 0
|
| 952 |
f |
f |
|a Texas A&M University
|b College Station
|c Electronic Resources
|d Available Online
|t 0
|e HM500 .B754 2010
|h Library of Congress classification
|
| 998 |
f |
f |
|a HM500 .B754 2010
|t 0
|l Available Online
|